Culture Générale - Clic Quiz - La réponse est en image #6 - Statistiques

Statistiques générales
  • Ce quiz a été pris 488 fois
  • Le résultat moyen est 25 sur 40
Statistiques - réponses
Hint Réponse % Correct
Société Générale
93%
Spotify
90%
Mahatma Gandhi
90%
Twitch
88%
Bruce Willis
88%
Pablo Picasso
84%
Peter dans Princesse Sarah
81%
Cobra Royal
80%
Pingu dans Pingu
80%
Jean-Pierre Coffe
79%
NBC (CNBC)
79%
Tommy dans Les Razmoket
78%
La footballeuse Eugénie Le Sommer
77%
Yemen
76%
La footballeuse Wendie Renard
73%
Lituanie
72%
La footballeuse Megan Rapinoe
69%
Sean Connery
68%
Nono dans Ulysse 31
64%
Tchad
63%
Odysee
59%
Serpent à Sonnette
58%
La footballeuse Aitana Bonmatí
58%
Arnold dans Hé Arnold
58%
Haiti
56%
La footballeuse Alexia Putellas
52%
Loire
49%
Le cycliste Tadej Pogacar
49%
Le cycliste Primoz Roglic
48%
Python
47%
Le cycliste Mathieu van der Poel
44%
Le cycliste Wout Van Aert
43%
Mayenne
41%
Le cycliste Remco Evenepoel
41%
Niue
41%
Boa constricteur
41%
Ardennes
39%
Ariège
37%
Anaconda
33%
Moselle
29%
Aucun quiz correspondant
Distribution des résultats
% des personnes avec chaque résultat
Percentile par nombre de réponses
Votre historique - résultats
Vous n’avez pas pris ce quiz